| 000 | 00451nam a22001697a 4500 | ||
|---|---|---|---|
| 005 | 20240821133150.0 | ||
| 008 | 240821b |||||||| |||| 00| 0 eng d | ||
| 020 | _a9788131726655 | ||
| 082 |
_a004.165 _bCAD-A |
||
| 100 | _aCadcim | ||
| 245 |
_aAuto CAD LT 2009 For Engineers And Designers / _cShamtickoo |
||
| 260 |
_aIndia: _bPearson; _c2011. |
||
| 300 |
_bill; _c24 cm. |
||
| 500 | _ainclude index. | ||
| 650 | _aGraphics design | ||
| 999 |
_c36438 _d36438 |
||